| 000 | 00337nam a22001097a 4500 | ||
|---|---|---|---|
| 082 | _a621.3192 MOD'P | ||
| 100 |
_aPROCEEDINGS OF THE SYMPOSIUM _974706 |
||
| 245 | _aMODERN NETWORK SYNTHESIS MICROWAVE RESEARCH INSTITUTE SYMPOSIA AT NETWORK APRIL 16, 17, 18, 1952 | ||
| 260 |
_aNEWYORK _bPOLYTECHNIC _c1952 |
||
| 300 | _aVOL-1 | ||
| 942 | _cBK | ||
| 999 |
_c580207 _d580207 |
||